Film par sa bande originale - Statistiques

Statistiques générales
  • Ce quiz a été pris 4 078 fois
    3 837 depuis la dernière actualisation
  • Le résultat moyen est 8 sur 20
Statistiques - réponses
Titre Interprète/compositeur Date Film % Correct
My Heart Will Go On Céline Dion 1997 Titanic
98%
Eye of the Tiger Survivor 1982 Rocky 3 : L'Œil du tigre
89%
Shallow Lady Gaga, Bradley Cooper 2018 A Star is Born
76%
You're the One That I Want J. Travolta, O. Newton-John 1978 Grease
70%
(I've Had) The Time of My Life B. Medley, J. Warnes 1987 Dirty Dancing
67%
I Will Always Love You Whitney Houston 1992 Bodyguard
42%
Comptine d'un autre été, l'après-midi Yann Tiersen 2001 Le Fabuleux Destin d'Amélie Poulain
40%
Nightcall Kavinsky 2011 Drive
35%
Stayin' Alive Bee Gees 1977 La Fièvre du samedi soir
34%
Reality Vladimir Cosma 1980 La Boum
32%
...What a Feeling Irene Cara 1983 Flashdance
31%
The Ecstasy of Gold Ennio Morricone 1966 Le Bon, la Brute et le Truand
30%
Ride of the Valkyries Wagner 1979 Apocalypse Now
28%
Bang Bang Nancy Sinatra 2003 Kill Bill : Volume 1
25%
You Never Can Tell Chuck Berry 1994 Pulp Fiction
25%
The Power of Love Huey Lewis and the News 1985 Retour vers le Futur
23%
Everybody Needs Somebody to Love - 1980 Les Blues Brothers
18%
Just Because of You Pierre Bachelet 1979 Les Bronzés font du ski
18%
Ainsi parlait Zarathoustra Richard Strauss 1968 2001, l'Odyssée de l'Espace
14%
Neuvième Symphonie Beethoven 1971 Orange Mécanique
11%
Aucun quiz correspondant
Distribution des résultats
% des personnes avec chaque résultat
Percentile par nombre de réponses
Votre historique - résultats
Vous n’avez pas pris ce quiz depuis la dernière actualisation